000002181 001__ 2181 000002181 005__ 20260428134802.0 000002181 0247_ $$2DOI$$a10.6083/M4154F9S 000002181 037__ $$aETD 000002181 245__ $$aSocio-demographic factors associated with intmiate [sic] partner violence before and during pregnancy 000002181 260__ $$bOregon Health and Science Universit 000002181 269__ $$a2006 000002181 336__ $$aThesis 000002181 502__ $$bM.P.H. 000002181 520__ $$aThis study examined the association between income and intimate partner violence before pregnancy (IPVB) and during pregnancy (IPVP), and the role of socio-demographic risk factors. Cross-sectional PRAMS data from 3,327 Oregon women (2000–2001) were analyzed using logistic and multinomial regression. Low income and smoking were strongly associated with both IPVB and IPVP. Women abused only during pregnancy differed socio-demographically from those abused before or across pregnancy. Findings highlight low income and smoking as key risk factors and suggest pregnancy-only abuse represents a distinct population. 000002181 540__ $$fCC BY 000002181 542__ $$fIn copyright - single owner 000002181 650__ $$aPoverty$$024482 000002181 650__ $$aBattered Women$$030928 000002181 650__ $$aSocioeconomic Factors$$026134 000002181 650__ $$aDomestic Violence$$030081 000002181 650__ $$aPregnant Women$$034853 000002181 650__ $$aSmoking$$026083 000002181 650__ $$aRisk Factors$$025522 000002181 650__ $$aIntimate Partner Violence$$011075 000002181 650__ $$aCross-Sectional Studies$$017206 000002181 651__ $$aOregon$$041094 000002181 691__ $$aSchool of Medicine$$041369 000002181 692__ $$aDepartment of Public Health and Preventive Medicine$$041444 000002181 7001_ $$aWoods, Katherine$$uOregon Health and Science University$$041354 000002181 7201_ $$aRosenberg, Ken$$uOregon Health and Science University$$041354$$7Personal$$eAdvisor 000002181 8564_ $$93a5a7064-fe97-4f7b-a55e-6575303ddad0$$s698662$$uhttps://digitalcollections.ohsu.edu/record/2181/files/2910_etd.pdf$$ePublic$$2ed5c03d0b20f6e3c8efab967d676ebd8$$31 000002181 901__ $$a<p>These documents are archival records. They are retained for historical reference only. </p><p><b>Need an accessible version? Use the ‘Get Accessible Copy’ link above.</b></p> 000002181 905__ $$a/rest/prod/6h/44/0s/57/6h440s573 000002181 909CO $$ooai:digitalcollections.ohsu.edu:2181$$pstudent-work 000002181 956__ $$aGet Accessible Copy$$uhttps://ohsu.libwizard.com/f/requestaccessibledocument 000002181 980__ $$aTheses and Dissertations